|
|
|
|
| LEADER |
00000nab a2200000 a 4500 |
| 001 |
vtls000717779 |
| 003 |
SK-MaSNL |
| 005 |
20260302194412.0 |
| 008 |
180205c2000 xo 0 slo |
| 015 |
|
|
|a SNBRB2000/04-10590
|
| 035 |
|
|
|a CLN000069946
|
| 040 |
|
|
|a SNKBUCL
|b slo
|c SNKBUCL
|e AACR2
|
| 041 |
0 |
|
|a slo
|
| 044 |
|
|
|a xo
|c SK
|
| 080 |
|
|
|a 78.071.2:784.66
|2 UDC-MRF-SK2
|
| 080 |
|
|
|a 784.66
|2 UDC-MRF-SK2
|
| 100 |
1 |
|
|a Chajdáková, Katarína
|4 ain
|9 616493
|
| 245 |
1 |
0 |
|a Fascinuje ju spojenie spevu a tanca
|c Katarína Chajdáková, Katarína Hasprová
|
| 300 |
|
|
|b Fotogr.
|
| 600 |
1 |
7 |
|a Hasprová, Katarína,
|d 1972-
|2 snkbucl
|9 111904
|
| 655 |
|
7 |
|a články z novín a časopisov
|2 snkbucl
|9 267496
|
| 700 |
1 |
|
|a Hasprová, Katarína,
|d 1972-
|4 aut
|4 uin
|9 111904
|
| 773 |
0 |
|
|x 1335-4698
|t Slovenská republika
|g Roč. 8, č. 53 (4.3.2000), s. 1-2
|
| 850 |
|
|
|a Slovenská národná knižnica v Martine
|
| 852 |
|
|
|a SNK
|b KIS3GCP
|
| 958 |
|
|
|a RBX
|
| 999 |
|
|
|c 1448439
|d 1450369
|